Parc del Castell de Montesquiu : representació del sistema solar a escala : Jardins del Castell de Montesquiu representació del sistema solar a escala :
Publicado:
Barcelona :
Diputació de Barcelona. Àrea de Territori i Sostenibilitat. Gerència de Serveis d'Espais Naturals ,
2014
Descripción Física:
1 díptic : col. ; 20 cm
Colección:
Activitats culturals
MARC
| LEADER | 00000nam a2200000Ia 4500 | ||
|---|---|---|---|
| 001 | 24105 | ||
| 003 | BGR | ||
| 005 | 20260324180621.0 | ||
| 008 | 160829s2014 xx 000 0 cat d | ||
| 080 | |a FU-64-49 | ||
| 245 | |a Parc del Castell de Montesquiu : |b representació del sistema solar a escala : |b Jardins del Castell de Montesquiu | ||
| 260 | |a Barcelona : |b Diputació de Barcelona. Àrea de Territori i Sostenibilitat. Gerència de Serveis d'Espais Naturals, |c 2014 | ||
| 300 | |a 1 díptic : |b col. ; |c 20 cm | ||
| 490 | |a Activitats culturals | ||
| 650 | |a Sistema solar |9 50221 | ||
| 650 | |a Astronomia |9 29424 | ||
| 710 | 1 | |a Barcelona (Catalunya : Província). |b Gerència de Serveis d’Espais Naturals |9 52730 | |
| 710 | 2 | |a Agrupació Astronòmica d'Osona |9 70105 | |
| 901 | |a Arxiu | ||
| 942 | |n 1 |2 udc |c MON | ||
| 952 | |0 0 |1 0 |4 0 |6 FU6449 |7 1 |9 55870 |a Arxiu |b Arxiu |d 2016-12-01 |l 0 |o FU-64-49 |p 24105 |r 2016-12-01 00:00:00 |w 2016-12-01 |y ARXIU | ||
| 999 | |c 59743 |d 59743 | ||